<?xml version="1.0" encoding="UTF-8"?>
<marc:record xmlns:marc="http://www.loc.gov/MARC21/slim">
   <marc:leader>00000nam a2200000 a 4500</marc:leader>
   <marc:datafield ind1="0" ind2="0" tag="245">
      <marc:subfield code="a">Rosarot und mädchenstark</marc:subfield>
   </marc:datafield>
   <marc:datafield ind1=" " ind2="1" tag="264">
      <marc:subfield code="a">Bindlach</marc:subfield>
      <marc:subfield code="b">Loewe</marc:subfield>
      <marc:subfield code="c">2010</marc:subfield>
   </marc:datafield>
   <marc:datafield ind1=" " ind2=" " tag="250">
      <marc:subfield code="a">1. Aufl.</marc:subfield>
   </marc:datafield>
   <marc:datafield ind1="1" ind2=" " tag="520">
      <marc:subfield code="a">Freche Fohlen, süße Delfine, zauberhafte Einhörner und niedliche Katzen. In dieser rosaroten Lesewelt findet sich alles, wovon Mädchen träumen! Zarte Ballerinen tanzen sich ihren Weg ins Glück, begeisterte Pferdefreundinnen galoppieren ins Abenteuer, mutige Forscherinnen machen große Entdeckungen und clevere Detektivinnen lösen spannende Fälle. Also, hinein in den kunterbunten Lesespaß, denn hier wird schnell klar: Mädchen sind stark und können alles!</marc:subfield>
   </marc:datafield>
   <marc:datafield ind1=" " ind2=" " tag="020">
      <marc:subfield code="a">9783785571682</marc:subfield>
      <marc:subfield code="9">9783785571682</marc:subfield>
   </marc:datafield>
   <marc:datafield ind1=" " ind2=" " tag="300">
      <marc:subfield code="a">224 S.</marc:subfield>
   </marc:datafield>
</marc:record>
